| 000 | 00641nam a2200265Ia 4500 | ||
|---|---|---|---|
| 003 | OSt | ||
| 005 | 20220912152752.0 | ||
| 006 | a|||||r|||| 00| 0 | ||
| 007 | ta | ||
| 008 | 220909b |||||||| |||| 00| 0 eng d | ||
| 024 | _a35238 | ||
| 037 | _cAnnuals, Advances | ||
| 040 |
_aCSL _beng _cCSL |
||
| 041 | _aeng | ||
| 082 | _aE1:9825, L31 | ||
| 100 | _aZeffren E | ||
| 245 | 0 | _aStudy of enzyne mechanisms | |
| 260 | _c1973 | ||
| 300 |
_ap. _ccm. |
||
| 650 | _a Mechanisms | ||
| 650 | _aEnzyer | ||
| 700 | _a Hall P L | ||
| 942 |
_hE1:9825, L31 _cREF _2CC |
||
| 999 |
_c91727 _d91727 |
||